[Event "57th Biel Festival MTO 2024"]
[White "Winkelman,Albert"]
[Black "Kuandykuly,Danis"]
[Site "Biel"]
[Round "8.37"]
[Annotator "RC"]
[Result "1-0"]
[Date "2024.07.23"]
[WhiteElo "2243"]
[BlackElo "1989"]
[PlyCount "147"]

1. c4 Nf6 2. Nc3 e6 3. e4 d5 4. cxd5 exd5 5. e5 Ne4 6. Nf3 Nxc3 7. bxc3 Be7 8. d4 c5 9. Bd3 Nc6 10. h3 h6 11. O-O Be6 12. Be3 b6 13. Nh2 O-O 14. Bb1 cxd4 15. cxd4 Qd7 16. Ng4 Bf5 17. Bxf5 Qxf5 18. Bxh6 Rfc8 19. Qd2 Nb4 20. Rfc1 Kh7 21. Be3 Nc2 22. Rab1 Rc4 23. Rd1 Rac8 24. Qe2 Na3 25. Rbc1 b5 26. Bd2 Rxc1 27. Bxc1 Nc4 28. Ne3 Nxe3 29. Bxe3 a6 30. Qd3 Qxd3 31. Rxd3 a5 32. Kf1 b4 33. Ke2 a4 34. Kd1 Kg6 35. g4 b3 36. axb3 a3 37. Rd2 Rh8 38. Kc2 Bb4 39. Rd3 Rxh3 40. Rd1 Rh2 41. Rg1 Rh8 42. Kb1 Rh2 43. Ka2 Kh7 44. Ka1 Bc3+ 45. Kb1 Bb4 46. Ka2 g5 47. Rc1 Rg2 48. Rc7 Kg6 49. Rb7 Be1 50. Rb6+ Kg7 51. Kxa3 Bxf2 52. Bxf2 Rxf2 53. Kb4 Rf4 54. Kc5 Rxg4 55. b4 Rg1 56. Kxd5 Re1 57. Rf6 Rb1 58. Rb6 Re1 59. b5 g4 60. Rf6 Rb1 61. Kc6 Rc1+ 62. Kd6 Rb1 63. Rf4 Rxb5 64. Rxg4+ Kf8 65. d5 Rb6+ 66. Kc7 Rb1 67. d6 Rc1+ 68. Kd8 Re1 69. Rg5 Re2 70. Rf5 Re4 71. d7 Re1 72. e6 Rxe6 73. Kc7 Re7 74. Kc8 1-0

[Event "57th Biel Festival MTO 2024"]
[White "Follesa,Enrico"]
[Black "Bommini Mounika Akshaya"]
[Site "Biel"]
[Round "8.38"]
[Annotator "RC"]
[Result "1-0"]
[Date "2024.07.23"]
[WhiteElo "2241"]
[BlackElo "2140"]
[PlyCount "95"]

1. e4 c5 2. Nf3 e6 3. d4 cxd4 4. Nxd4 Nf6 5. Nc3 Nc6 6. Ndb5 Bc5 7. Bf4 O-O 8. Bc7 Qe7 9. Bd6 Bxd6 10. Qxd6 Qd8 11. Qd2 d5 12. exd5 exd5 13. O-O-O a6 14. Nd4 Ne7 15. Bd3 b5 16. f3 b4 17. Nce2 a5 18. g4 Ba6 19. Ng3 Bc4 20. Kb1 Nd7 21. Rhe1 Nb6 22. h4 Re8 23. h5 Na4 24. Qf4 Qb6 25. Ka1 Bxd3 26. Rxd3 Ng6 27. Rde3 Rxe3 28. Qxe3 Nf8 29. Ngf5 h6 30. f4 Nc5 31. Qe5 Nce6 32. g5 hxg5 33. fxg5 Qc7 34. Qe2 Nxd4 35. Nxd4 Qf4 36. Nf3 Ne6 37. g6 Re8 38. gxf7+ Kxf7 39. Ne5+ Kg8 40. Ng6 Qg3 41. Qf1 Qg4 42. Qb5 Rd8 43. Qb6 Rf8 44. Nxf8 Nxf8 45. h6 Qh4 46. Rg1 g6 47. Qb7 Qd4 48. Rf1 1-0

[Event "57th Biel Festival MTO 2024"]
[White "Toktomushev,Teimur"]
[Black "Harish,Neeraj"]
[Site "Biel"]
[Round "8.39"]
[Annotator "RC"]
[Result "1-0"]
[Date "2024.07.23"]
[WhiteElo "2300"]
[BlackElo "2123"]
[PlyCount "96"]

1. d4 Nf6 2. c4 g6 3. f3 d5 4. cxd5 Nxd5 5. e4 Nb6 6. Nc3 Bg7 7. Be3 Nc6 8. d5 Ne5 9. f4 Ng4 10. Bd4 O-O 11. Bxg7 Kxg7 12. Qd4+ Nf6 13. O-O-O c6 14. dxc6 Qxd4 15. Rxd4 bxc6 16. Nf3 c5 17. Rd2 Bb7 18. Bd3 Rfd8 19. Rhd1 Rac8 20. a4 a5 21. Bb5 Rxd2 22. Nxd2 c4 23. h3 Bc6 24. Bxc6 Rxc6 25. Nf3 Nfd7 26. Kc2 Nc5 27. Rd8 Ncxa4 28. Ne5 Rc7 29. Nxa4 Nxa4 30. Ra8 Nc5 31. Nxc4 Nxe4 32. b3 Nd6 33. Kc3 Nxc4 34. bxc4 Kf6 35. Rxa5 Ke6 36. Rd5 Rd7 37. Rd4 Rxd4 38. Kxd4 Kd6 39. g4 h6 40. h4 Kc6 41. c5 Kc7 42. Kd5 Kb7 43. Kc4 Kc6 44. Kb4 Kd5 45. Kb5 Ke4 46. g5 hxg5 47. fxg5 f5 48. c6 Kd5 1-0

[Event "57th Biel Festival MTO 2024"]
[White "Krishnan,Ritvik"]
[Black "Kaiser,Elmar"]
[Site "Biel"]
[Round "8.40"]
[Annotator "RC"]
[Result "1/2-1/2"]
[Date "2024.07.23"]
[WhiteElo "2297"]
[BlackElo "2116"]
[PlyCount "126"]

1. Nf3 Nf6 2. c4 g6 3. g3 Bg7 4. Bg2 O-O 5. O-O d5 6. d4 dxc4 7. a4 Nc6 8. Nc3 Nd5 9. e4 Nxc3 10. bxc3 e5 11. d5 Na5 12. Ba3 Re8 13. Rb1 b6 14. Nd2 Ba6 15. Qe2 c5 16. Bh3 Nb7 17. Rfe1 Qc7 18. Nf1 Nd6 19. f3 Re7 20. Bc1 Rf8 21. Bg5 Ree8 22. Nd2 Kh8 23. Kg2 f6 24. Be3 f5 25. Rf1 f4 26. Bg1 h5 27. Rb2 Bf6 28. Ra1 Re7 29. Bf2 Rfe8 30. Kg1 Rg7 31. Kh1 g5 32. g4 hxg4 33. Bxg4 Rh7 34. Kg2 Be7 35. h3 Kg7 36. Rh1 Reh8 37. Rbb1 Rh6 38. Rh2 Bc8 39. Rbh1 Bxg4 40. hxg4 Rxh2+ 41. Rxh2 Rxh2+ 42. Kxh2 Qc8 43. Kg2 Qa6 44. Qd1 Nb7 45. Qc2 b5 46. axb5 Qxb5 47. Qa2 Na5 48. Qa1 a6 49. Qa3 Nb3 50. Nf1 Bd6 51. Be1 Qa5 52. Qxa5 Nxa5 53. Nd2 Kf7 54. Nb1 Ke8 55. Na3 Kd7 56. Kf1 Kc7 57. Ke2 Kb6 58. Kd1 Bc7 59. Kc2 Bd6 60. Bd2 Be7 61. Bc1 Bd6 62. Bd2 Be7 63. Bc1 Bd6 1/2-1/2

[Event "57th Biel Festival MTO 2024"]
[White "Fronda,Jan Jodilyn"]
[Black "Jaggy,Matteo"]
[Site "Biel"]
[Round "8.41"]
[Annotator "RC"]
[Result "1-0"]
[Date "2024.07.23"]
[WhiteElo "2072"]
[BlackElo "2211"]
[PlyCount "93"]

1. e4 c5 2. c3 d5 3. exd5 Qxd5 4. d4 e6 5. Nf3 Nf6 6. Be3 cxd4 7. Qxd4 Nc6 8. Qxd5 Nxd5 9. Bd4 Nxd4 10. Nxd4 Bc5 11. Nb3 Bd6 12. g3 Bd7 13. Bg2 Bc6 14. Na5 Rb8 15. Nxc6 bxc6 16. Nd2 O-O 17. Nc4 Bc7 18. O-O-O Rfd8 19. Kc2 Kf8 20. Rhe1 Ne7 21. Rxd8+ Rxd8 22. Rd1 Rxd1 23. Kxd1 Ke8 24. b4 Kd7 25. a4 Nd5 26. Kc2 Nb6 27. Nb2 f6 28. Kb3 Nc8 29. Nd3 Kd6 30. c4 Ne7 31. c5+ Kd7 32. Kc4 Ng6 33. f4 e5 34. f5 Ne7 35. Be4 Bd8 36. b5 Ba5 37. Nb4 cxb5+ 38. axb5 Kc7 39. Na6+ Kc8 40. b6 axb6 41. Kb5 g6 42. g4 h5 43. fxg6 hxg4 44. g7 Kd8 45. c6 Ke8 46. Bg6+ Kd8 47. c7+ 1-0

[Event "57th Biel Festival MTO 2024"]
[White "Mata,Adilson"]
[Black "Papaux,Steve"]
[Site "Biel"]
[Round "8.42"]
[Annotator "RC"]
[Result "1-0"]
[Date "2024.07.23"]
[WhiteElo "1971"]
[BlackElo "2188"]
[PlyCount "145"]

1. d4 Nf6 2. c4 e6 3. Nf3 c5 4. Nc3 cxd4 5. Nxd4 d5 6. Bg5 e5 7. Nf3 d4 8. Nd5 Nc6 9. a3 Be6 10. e4 dxe3 11. Nxe3 Qxd1+ 12. Rxd1 Ne4 13. Nd5 Bd6 14. Be3 Bxd5 15. cxd5 Nb8 16. Bb5+ Ke7 17. O-O Nd7 18. Rfe1 a6 19. Bf1 f5 20. Nh4 g6 21. g3 Nef6 22. Bh3 Kf7 23. Bh6 e4 24. f3 Rac8 25. fxe4 Nxe4 26. Rxe4 fxe4 27. Bxd7 Rc2 28. Be6+ Ke7 29. Re1 Bc5+ 30. Kh1 e3 31. Bg5+ Kd6 32. Bf4+ Ke7 33. Ng2 e2 34. Bg5+ Kd6 35. Bf4+ Ke7 36. Bg4 Rxb2 37. Bxe2 Bf2 38. Be5 Bxe1 39. Bxb2 Rf8 40. Nf4 Kd6 41. a4 Bb4 42. h4 Rc8 43. Bd3 Re8 44. Kg2 Re3 45. Bd4 Re1 46. Bf6 Bd2 47. h5 Bxf4 48. hxg6 hxg6 49. gxf4 Re8 50. Kf3 Rf8 51. Be5+ Kxd5 52. Bxg6 b5 53. axb5 axb5 54. Bg7 Rb8 55. Be4+ Ke6 56. f5+ Kf7 57. Bc3 b4 58. Bd5+ Ke7 59. Be5 Rb6 60. Bb3 Rh6 61. Kg4 Rc6 62. Kg5 Ra6 63. f6+ Kf8 64. Kf5 Rb6 65. Bf4 Rb7 66. Bh6+ Ke8 67. Kg6 Rb8 68. Kg7 Ra8 69. f7+ Ke7 70. Bg5+ Kd6 71. f8=Q+ Rxf8 72. Kxf8 Kc5 73. Bf6 1-0

[Event "57th Biel Festival MTO 2024"]
[White "Pisan,Kai"]
[Black "Federer,Colin"]
[Site "Biel"]
[Round "8.43"]
[Annotator "RC"]
[Result "1/2-1/2"]
[Date "2024.07.23"]
[WhiteElo "1950"]
[BlackElo "2187"]
[PlyCount "85"]

1. d4 Nf6 2. c4 g6 3. g3 Bg7 4. Bg2 d5 5. cxd5 Nxd5 6. e4 Nb6 7. Ne2 c5 8. d5 e6 9. O-O O-O 10. Nec3 exd5 11. exd5 Nc4 12. a4 Na6 13. Na3 Nxa3 14. Rxa3 Nb4 15. Ne4 b6 16. Bg5 f6 17. Bf4 g5 18. Be3 Kh8 19. d6 Be6 20. Re1 Rc8 21. Qd2 Qd7 22. f4 g4 23. Bf2 Rfe8 24. Rae3 h6 25. Nc3 Bf8 26. Ne4 Bg7 27. Qe2 Bf7 28. Qd1 Rcd8 29. f5 Qxf5 30. R1e2 Bf8 31. Rd2 Rd7 32. Re1 Bd5 33. Qb1 Re5 34. Nc3 Qxb1 35. Rxb1 Bxg2 36. Kxg2 a6 37. Rbd1 Kg7 38. a5 bxa5 39. Na4 Rd8 40. Nxc5 Kf7 41. Nb7 Rd7 42. Nc5 Rd8 43. Nb7 1/2-1/2

[Event "57th Biel Festival MTO 2024"]
[White "Demchenko,Svitlana"]
[Black "Haugner,Jan"]
[Site "Biel"]
[Round "8.44"]
[Annotator "RC"]
[Result "1-0"]
[Date "2024.07.23"]
[WhiteElo "2176"]
[BlackElo "2072"]
[PlyCount "91"]

1. d4 d5 2. Nf3 e6 3. Bf4 Nf6 4. e3 c5 5. c3 Nc6 6. Nbd2 cxd4 7. exd4 Nh5 8. Be3 Bd6 9. Ne5 Nf6 10. f4 Qb6 11. Qb3 Ng8 12. Bd3 f6 13. Nef3 Nh6 14. g3 Bd7 15. Qxb6 axb6 16. h3 O-O 17. g4 Na5 18. a4 Rfc8 19. O-O Nf7 20. Rfe1 Bf8 21. Ra2 Nd6 22. Rea1 Bc6 23. b4 Nac4 24. Nxc4 dxc4 25. Be2 Ne4 26. Bd2 Bd5 27. Ra3 Nxd2 28. Nxd2 Bd6 29. Rf1 b5 30. a5 b6 31. a6 Ra7 32. f5 Rca8 33. fxe6 Rxa6 34. Rxa6 Rxa6 35. Bf3 Bxf3 36. Rxf3 Ra3 37. Kf2 Ra2 38. Ke3 Bh2 39. Ne4 Bg1+ 40. Kf4 Kf8 41. g5 Re2 42. Rf1 Bh2+ 43. Kf3 Rc2 44. gxf6 gxf6 45. Kg4 Ke7 46. Kf5 1-0

[Event "57th Biel Festival MTO 2024"]
[White "Panda,Barnabas"]
[Black "Rappazzo,Johannes"]
[Site "Biel"]
[Round "8.45"]
[Annotator "RC"]
[Result "0-1"]
[Date "2024.07.23"]
[WhiteElo "2074"]
[BlackElo "2169"]
[PlyCount "76"]

1. c4 Nf6 2. g3 e5 3. Bg2 d5 4. cxd5 Nxd5 5. Nc3 Nb6 6. Nf3 Nc6 7. O-O Be7 8. a3 O-O 9. b4 Re8 10. Rb1 Bf8 11. d3 Nd4 12. Re1 a5 13. b5 a4 14. Nd2 Ra7 15. e3 Ne6 16. Nc4 Nxc4 17. dxc4 Nc5 18. Qxd8 Rxd8 19. Nd5 Bg4 20. f3 Be6 21. Rd1 Raa8 22. Bb2 Bd6 23. b6 Bxd5 24. Rxd5 c6 25. Rdd1 f6 26. Bh3 Nb3 27. Be6+ Kf8 28. Bf5 g6 29. Bc2 Bc5 30. Kf2 Nd2 31. Ra1 Bxe3+ 32. Kxe3 Nxc4+ 33. Ke2 Nxb2 34. Rxd8+ Rxd8 35. Rb1 Nc4 36. Bxa4 Nd6 37. Bc2 Nb5 38. Bd3 Nc3+ 0-1

[Event "57th Biel Festival MTO 2024"]
[White "Frayna,Janelle Mae"]
[Black "Perreard,Nicolas"]
[Site "Biel"]
[Round "8.46"]
[Annotator "RC"]
[Result "1-0"]
[Date "2024.07.23"]
[WhiteElo "2164"]
[BlackElo "2060"]
[PlyCount "57"]

1. e4 e5 2. d4 exd4 3. Nf3 Nc6 4. Bc4 Bd6 5. O-O Nge7 6. Ng5 Ne5 7. Bb3 O-O 8. f4 N5g6 9. Qh5 h6 10. Nxf7 Rxf7 11. Bxf7+ Kxf7 12. f5 Kg8 13. fxg6 Qe8 14. c3 dxc3 15. Nxc3 Qxg6 16. Qf3 Nc6 17. Bf4 Ne5 18. Qg3 Qxg3 19. Bxg3 Bc5+ 20. Kh1 Nd3 21. Nd5 c6 22. Nc7 Rb8 23. Rf3 Ne5 24. Bxe5 d6 25. Bc3 Bd7 26. Raf1 Rc8 27. Rf7 Rxc7 28. Rxg7+ Kh8 29. Rf8# 1-0

[Event "57th Biel Festival MTO 2024"]
[White "Vincenti,Leonardo"]
[Black "Saine,Zachary"]
[Site "Biel"]
[Round "8.47"]
[Annotator "RC"]
[Result "1-0"]
[Date "2024.07.23"]
[WhiteElo "2166"]
[BlackElo "2035"]
[PlyCount "25"]

1. e4 e5 2. Nf3 Nc6 3. Bb5 a6 4. Ba4 Nf6 5. O-O d6 6. d4 b5 7. dxe5 bxa4 8. exf6 Qxf6 9. Nc3 Ne5 10. Nd4 Bb7 11. f4 Nc6 12. Be3 g6 13. Nxc6 1-0

[Event "57th Biel Festival MTO 2024"]
[White "Shoshin,Kirill"]
[Black "Chen,Muxi"]
[Site "Biel"]
[Round "8.48"]
[Annotator "RC"]
[Result "1-0"]
[Date "2024.07.23"]
[WhiteElo "2277"]
[BlackElo "1954"]
[PlyCount "93"]

1. d4 d5 2. Nf3 Nf6 3. Bf4 e6 4. e3 c5 5. Nbd2 Nc6 6. c3 cxd4 7. exd4 Nh5 8. Be3 Bd6 9. Bd3 Nf4 10. Bxf4 Bxf4 11. O-O O-O 12. g3 Bd6 13. Re1 Qc7 14. Rc1 g6 15. a3 f6 16. c4 Qf7 17. b4 a6 18. Qb3 Kg7 19. Nb1 e5 20. cxd5 Bg4 21. Nbd2 Nxd4 22. Nxd4 exd4 23. f3 Bh3 24. Ne4 Rfd8 25. f4 Bf8 26. Nf2 Bf5 27. Bxf5 gxf5 28. Re6 Qd7 29. d6 Rac8 30. Rce1 Bxd6 31. Qd5 Qb5 32. Qf3 Kg6 33. g4 Rc3 34. Qg2 Kf7 35. g5 Be5 36. gxf6 Kxe6 37. Qg7 Rc7 38. f7 Rc1 39. Qh6+ Kxf7 40. Qxh7+ Bg7 41. Rxc1 b6 42. Nh3 d3 43. Ng5+ Kf6 44. Rc7 Rd7 45. Qg8 Re7 46. Nh7+ Kg6 47. Rxe7 1-0

[Event "57th Biel Festival MTO 2024"]
[White "Pappier,Carlos"]
[Black "Woltery,Nicolai"]
[Site "Biel"]
[Round "8.49"]
[Annotator "RC"]
[Result "1-0"]
[Date "2024.07.23"]
[WhiteElo "2202"]
[BlackElo "2016"]
[PlyCount "203"]

1. d4 Nf6 2. c4 c5 3. d5 b5 4. Nd2 bxc4 5. e4 e6 6. dxe6 dxe6 7. e5 Nd5 8. Nxc4 Nc6 9. Nf3 Be7 10. a3 O-O 11. Bd3 Ba6 12. Qe2 Na5 13. Qe4 g6 14. Bh6 Re8 15. Nfd2 Nxc4 16. Bxc4 Bxc4 17. Nxc4 Bg5 18. Bxg5 Qxg5 19. h4 Qf4 20. Qe2 h5 21. g3 Qh6 22. f4 Rab8 23. O-O-O Rb3 24. Rd3 Reb8 25. Kc2 R3b5 26. Rc1 Ne7 27. Kb1 Nc6 28. Nd6 Ra5 29. Ne4 Nd4 30. Qd2 Rab5 31. b4 Qf8 32. Rxc5 Rxc5 33. Nxc5 Qxc5 34. Rxd4 Qb6 35. Ka2 Kg7 36. Qc3 Qb7 37. Kb3 Rc8 38. Qd3 Rc7 39. Rd8 Qc6 40. Rd6 Qg2 41. b5 Qb7 42. Kb4 Qg2 43. Rd8 Qb2+ 44. Qb3 Qc1 45. Rd1 Qc5+ 46. Ka4 Kh7 47. Rd8 Qc1 48. Rd1 Qc5 49. Rd2 Qc1 50. Qb2 Qc4+ 51. Qb4 Qc1 52. Rd4 Qc2+ 53. Ka5 Qc1 54. a4 Rb7 55. Rc4 Qe3 56. Qc3 Qb6+ 57. Kb4 Rd7 58. Rc6 Qg1 59. Rd6 Rb7 60. Ka5 Qf2 61. Qd3 Kg7 62. Rc6 Rb8 63. Qd6 Rf8 64. Rc7 Kg8 65. Ka6 Qxg3 66. Qb4 Qxh4 67. Rxa7 Qh1 68. b6 h4 69. a5 h3 70. b7 Qc6+ 71. Qb6 Qc4+ 72. Qb5 Qxb5+ 73. Kxb5 h2 74. Ra8 h1=Q 75. Rxf8+ Kxf8 76. b8=Q+ Kg7 77. Qd8 Qf1+ 78. Kb6 Qf2+ 79. Kb7 Qf3+ 80. Kb8 Qc6 81. Qf6+ Kg8 82. Qd8+ Kg7 83. Qb6 Qe8+ 84. Kb7 Qd7+ 85. Qc7 Qd5+ 86. Kb8 Qd3 87. Qb6 Qd7 88. a6 Qe8+ 89. Kc7 Qe7+ 90. Kc6 Qe8+ 91. Kc5 Qc8+ 92. Qc6 Qb8 93. Qb7 Qf8+ 94. Kb5 Qa3 95. a7 Qb3+ 96. Kc6 Qd5+ 97. Kc7 Qc5+ 98. Kd7 Qd4+ 99. Ke7 Qc5+ 100. Ke8 Qf8+ 101. Kd7 Qc5 102. a8=Q 1-0

[Event "57th Biel Festival MTO 2024"]
[White "Udipi,Kala Kishan"]
[Black "Asllani,Dorian"]
[Site "Biel"]
[Round "8.50"]
[Annotator "RC"]
[Result "1/2-1/2"]
[Date "2024.07.23"]
[WhiteElo "2051"]
[BlackElo "2154"]
[PlyCount "120"]

1. d4 d5 2. c4 e6 3. Nc3 Nf6 4. cxd5 exd5 5. Bg5 c6 6. e3 Be7 7. Bd3 Nbd7 8. Qc2 Nh5 9. Bxe7 Qxe7 10. Nge2 Nb6 11. O-O-O g6 12. Rdg1 Bd7 13. h3 O-O-O 14. g4 Ng7 15. Nf4 Kb8 16. h4 h5 17. g5 Qd6 18. Nce2 Rc8 19. Qc5 Qc7 20. Kb1 Rhe8 21. Rc1 Bg4 22. Qa5 Qd7 23. Ng3 Bf3 24. Rhg1 Ne6 25. Nxe6 Qxe6 26. Rc3 Rc7 27. Nf1 Be4 28. f4 Nc4 29. Qa4 Bxd3+ 30. Rxd3 Qh3 31. Qd1 Qxh4 32. Rg3 Qh1 33. Qf3 Qxf3 34. Rxf3 Nd6 35. b4 Rce7 36. Kc2 Nf5 37. Kd2 h4 38. Nh2 Ng3 39. Ng4 Rh8 40. Ke1 Kc7 41. Rd2 a5 42. bxa5 Ra8 43. Ne5 Rxa5 44. Rh2 Nf5 45. Rd2 Rb5 46. Ke2 Ng3+ 47. Kd3 Ra5 48. Rb2 Kd6 49. Rff2 Ke6 50. Rh2 Kf5 51. Rxh4 Ra3+ 52. Rb3 Rxa2 53. Kc3 Ne4+ 54. Kb4 Nd2 55. Rh2 Ke4 56. Rf2 Nxb3 57. Rxa2 Nc1 58. Ra3 Ne2 59. Kc5 Nc1 60. Ra2 Nd3+ 1/2-1/2

[Event "57th Biel Festival MTO 2024"]
[White "Malli,Shiivesh Sunil"]
[Black "Coles,Robin"]
[Site "Biel"]
[Round "8.51"]
[Annotator "RC"]
[Result "0-1"]
[Date "2024.07.23"]
[WhiteElo "1916"]
[BlackElo "2084"]
[PlyCount "84"]

1. c4 e6 2. Nc3 d5 3. cxd5 exd5 4. d4 Nf6 5. Bg5 c6 6. e3 h6 7. Bf4 Bd6 8. Bxd6 Qxd6 9. Bd3 O-O 10. Qc2 Re8 11. Nf3 Nbd7 12. O-O Qe7 13. a3 Ne4 14. b4 a6 15. Na4 h5 16. Nc5 Ndxc5 17. bxc5 Bf5 18. Rab1 h4 19. Rb6 h3 20. g3 Rad8 21. Rfb1 Bc8 22. Bxe4 dxe4 23. Ne5 Qf6 24. Qxe4 Bf5 25. Qf4 Bxb1 26. Rxb1 Qe6 27. Qg4 Qa2 28. Rf1 Qxa3 29. Nc4 Qb3 30. Nd6 Qe6 31. Qxe6 Rxe6 32. Nxb7 Rb8 33. Na5 Rb5 34. Ra1 Rb4 35. Rc1 Rb2 36. Nc4 Ra2 37. Nb6 Kf8 38. Kf1 Ke8 39. d5 Rf6 40. f4 Rxh2 41. Rc3 Rh1+ 42. Kf2 Rd1 0-1

[Event "57th Biel Festival MTO 2024"]
[White "Tarini Goyal"]
[Black "Khulan,Enkhsaikhan"]
[Site "Biel"]
[Round "8.52"]
[Annotator "RC"]
[Result "1/2-1/2"]
[Date "2024.07.23"]
[WhiteElo "2079"]
[BlackElo "2063"]
[PlyCount "82"]

1. d4 d5 2. c4 c6 3. Nc3 Nf6 4. e3 g6 5. Nf3 Bg7 6. Bd3 O-O 7. O-O Bf5 8. Bxf5 gxf5 9. cxd5 Nxd5 10. Qd3 e6 11. e4 Ne7 12. Bg5 fxe4 13. Qxe4 h6 14. Bh4 Nd7 15. Rad1 Nf6 16. Bxf6 Bxf6 17. Ne5 Nf5 18. g4 Nh4 19. Kh1 Bg7 20. f4 f5 21. gxf5 Rxf5 22. Rg1 Kh7 23. Rg4 Rc8 24. Rdg1 Rc7 25. Ng6 Nxg6 26. Rxg6 Qh4 27. Qg2 Rff7 28. Ne2 Qh5 29. Rxe6 Qd5 30. Re4 Rce7 31. Qg6+ Kh8 32. Nc3 Qd7 33. Rxe7 Rxe7 34. d5 cxd5 35. f5 Rf7 36. Qe6 d4 37. Qxd7 Rxd7 38. Ne4 d3 39. f6 Bf8 40. a3 Rd4 41. Nd2 Rf4 1/2-1/2

[Event "57th Biel Festival MTO 2024"]
[White "Monteverde,Jonathan"]
[Black "Borner,Daniel"]
[Site "Biel"]
[Round "8.53"]
[Annotator "RC"]
[Result "0-1"]
[Date "2024.07.23"]
[WhiteElo "2052"]
[BlackElo "2075"]
[PlyCount "48"]

1. d4 Nf6 2. c4 g6 3. Nc3 Bg7 4. e4 d6 5. Nf3 O-O 6. h3 e5 7. d5 Nh5 8. g3 f5 9. exf5 gxf5 10. Nh4 Nf4 11. gxf4 Qxh4 12. fxe5 Nd7 13. e6 Bxc3+ 14. bxc3 Qe4+ 15. Be3 Qxh1 16. Qh5 Ne5 17. O-O-O Qf3 18. Qg5+ Kh8 19. Bd4 Rg8 20. Qf6+ Rg7 21. Rd3 Qh1 22. Rd1 Bxe6 23. dxe6 Qf3 24. Kb1 Qxd1+ 0-1

[Event "57th Biel Festival MTO 2024"]
[White "Udelnov,Valentin"]
[Black "Vemparala,Nikash"]
[Site "Biel"]
[Round "8.54"]
[Annotator "RC"]
[Result "1-0"]
[Date "2024.07.23"]
[WhiteElo "1965"]
[BlackElo "2170"]
[PlyCount "109"]

1. e4 e5 2. Nf3 Nc6 3. Bc4 Bc5 4. c3 Nf6 5. d3 d6 6. O-O O-O 7. Re1 a6 8. a4 Ba7 9. h3 h6 10. Nbd2 Ne7 11. Nf1 Ng6 12. Bb3 Be6 13. d4 Re8 14. Ng3 Qc8 15. Kh2 Nf4 16. Bxe6 Qxe6 17. Qc2 Ng6 18. b4 c6 19. Bb2 Rad8 20. c4 exd4 21. Bxd4 Bxd4 22. Nxd4 Qe5 23. Qd2 h5 24. Nf3 Qe6 25. Qc2 Ne5 26. Nd2 h4 27. Nf5 Ng6 28. Nf3 Nxe4 29. N5d4 Qe7 30. Nf5 Qf6 31. N5d4 d5 32. cxd5 cxd5 33. Kg1 Rc8 34. Qb3 Nf4 35. Rad1 Red8 36. Re3 Rd7 37. b5 Rdc7 38. bxa6 bxa6 39. a5 Rc1 40. Ree1 R1c3 41. Qb6 Nd6 42. Re5 Rc1 43. Rxc1 Rxc1+ 44. Kh2 Nd3 45. Rxd5 Nxf2 46. Qb8+ Kh7 47. g3 hxg3+ 48. Kg2 Nc8 49. Ng5+ Kg8 50. Qe5 Nd6 51. Rxd6 Rg1+ 52. Kxg1 Nxh3+ 53. Kg2 Qf2+ 54. Kxh3 Qh2+ 55. Kg4 1-0

[Event "57th Biel Festival MTO 2024"]
[White "Tellarini,Lorenzo"]
[Black "Pouly,Ivan"]
[Site "Biel"]
[Round "8.55"]
[Annotator "RC"]
[Result "1-0"]
[Date "2024.07.23"]
[WhiteElo "1953"]
[BlackElo "1958"]
[PlyCount "73"]

1. e4 c6 2. d4 d5 3. e5 Bf5 4. Nc3 e6 5. g4 Bg6 6. Nge2 c5 7. h4 h6 8. Be3 Nc6 9. f4 cxd4 10. Nxd4 Nxd4 11. Qxd4 Ne7 12. Qb4 Qd7 13. Bc5 Nc6 14. Qa3 Bxc5 15. Qxc5 Qe7 16. Qf2 a6 17. O-O-O Bh7 18. Bg2 O-O 19. Rhe1 Qb4 20. a3 Qa5 21. f5 Rac8 22. f6 Nb4 23. fxg7 Rfd8 24. Re2 Rxc3 25. bxc3 Qxa3+ 26. Kd2 Rc8 27. cxb4 Qc3+ 28. Kc1 Qa1+ 29. Kd2 Rxc2+ 30. Ke1 Rc1 31. Red2 Qxe5+ 32. Kf1 Rc4 33. Rd4 Rc2 34. R4d2 Rc4 35. Re1 Qxg7 36. Bxd5 Rxb4 37. Bxe6 1-0

[Event "57th Biel Festival MTO 2024"]
[White "Pinelli,Gian"]
[Black "Hornung,Hans"]
[Site "Biel"]
[Round "8.56"]
[Annotator "RC"]
[Result "1/2-1/2"]
[Date "2024.07.23"]
[WhiteElo "1874"]
[BlackElo "2009"]
[PlyCount "99"]

1. d4 d5 2. c4 e6 3. Nc3 c5 4. cxd5 exd5 5. Nf3 Nc6 6. Bg5 Be7 7. Bxe7 Ngxe7 8. e3 O-O 9. Be2 Bg4 10. O-O c4 11. b3 Qa5 12. Qd2 b5 13. bxc4 bxc4 14. e4 dxe4 15. Nxe4 Qxd2 16. Nexd2 c3 17. Nb3 Rac8 18. Rac1 Nd5 19. Rfd1 Ncb4 20. a3 Nf4 21. Bf1 Nbd5 22. Re1 Nh3+ 23. gxh3 Bxf3 24. Nc5 Rc6 25. Bd3 f5 26. Bc4 Rg6+ 27. Kf1 Bg2+ 28. Ke2 Rb8 29. Kd3 Rb2 30. Rc2 Rgb6 31. Bxd5+ Bxd5 32. Kxc3 Rxc2+ 33. Kxc2 Rh6 34. Re5 Bf7 35. Nb7 Rb6 36. Nd8 Bg6 37. f4 Rd6 38. Ne6 Bf7 39. d5 g6 40. Kc3 Bxe6 41. dxe6 Kf8 42. a4 Ke7 43. Ra5 a6 44. Re5 Rxe6 45. Kd4 Kd6 46. Rxe6+ Kxe6 47. h4 Kd6 48. a5 Kc6 49. Kc4 Kd6 50. Kd4 1/2-1/2

[Event "57th Biel Festival MTO 2024"]
[White "Selinga,Jan"]
[Black "Douguet,Claude"]
[Site "Biel"]
[Round "8.57"]
[Annotator "RC"]
[Result "1-0"]
[Date "2024.07.23"]
[WhiteElo "2023"]
[BlackElo "1994"]
[PlyCount "69"]

1. e4 e5 2. Nf3 Nc6 3. Bc4 Nf6 4. Ng5 d5 5. exd5 Na5 6. Bb5+ c6 7. dxc6 bxc6 8. Bd3 Nd5 9. Nf3 Bd6 10. O-O O-O 11. Re1 Re8 12. Nc3 f5 13. Bf1 e4 14. Nd4 Nf6 15. h3 Bc7 16. Nde2 f4 17. d3 e3 18. f3 Bf5 19. b4 Ng4 20. fxg4 Bxg4 21. Ne4 Rxe4 22. dxe4 Qh4 23. Qd4 Rd8 24. Qc3 Qf2+ 25. Kh1 Bxh3 26. gxh3 f3 27. e5 fxe2 28. Bxe3 exf1=Q+ 29. Rxf1 Qg3 30. Bd4 Qh4 31. bxa5 Rxd4 32. Qf3 h5 33. Rae1 Bxa5 34. Re2 Bb6 35. e6 1-0

[Event "57th Biel Festival MTO 2024"]
[White "Stevens,Christian"]
[Black "Matsumura,Cocoro"]
[Site "Biel"]
[Round "8.58"]
[Annotator "RC"]
[Result "0-1"]
[Date "2024.07.23"]
[WhiteElo "2253"]
[BlackElo "2032"]
[PlyCount "78"]

1. e4 c5 2. Nc3 d6 3. g3 g6 4. Bg2 Bg7 5. d3 Nc6 6. Be3 Nf6 7. h3 O-O 8. f4 Rb8 9. Nf3 b5 10. O-O b4 11. Ne2 Ba6 12. g4 c4 13. Ng3 cxd3 14. cxd3 Nd7 15. Rf2 e5 16. f5 Nc5 17. Bf1 Re8 18. Rc1 b3 19. a3 Nd4 20. g5 Nc2 21. Rcxc2 bxc2 22. Qxc2 Rc8 23. Qd1 d5 24. Rd2 d4 25. Bf2 Bb5 26. b4 Na4 27. h4 Rc3 28. h5 Qc7 29. Nh4 Qd6 30. Qf3 Rec8 31. Bh3 Rc2 32. Rxc2 Rxc2 33. hxg6 hxg6 34. fxg6 fxg6 35. Ngf5 gxf5 36. Bxf5 Nc3 37. Qh5 Ne2+ 38. Kh2 Nf4 39. Qh7+ Kf8 0-1

[Event "57th Biel Festival MTO 2024"]
[White "Arbinger,Roland"]
[Black "Kheerthi Ganta"]
[Site "Biel"]
[Round "8.59"]
[Annotator "RC"]
[Result "0-1"]
[Date "2024.07.23"]
[WhiteElo "2013"]
[BlackElo "1987"]
[PlyCount "86"]

1. d4 Nf6 2. c4 e6 3. Nf3 d5 4. Nc3 Bb4 5. e3 O-O 6. Bd3 b6 7. O-O Bb7 8. a3 Be7 9. Qe2 Ne4 10. Nd2 f5 11. f3 Nxc3 12. bxc3 c5 13. dxc5 Bxc5 14. Nb3 Nd7 15. cxd5 Bxd5 16. c4 Bb7 17. Bb2 Qc7 18. Nd4 Rae8 19. Kh1 Ne5 20. Nb5 Qb8 21. Bc2 a6 22. Nd4 Rf6 23. Rad1 Rh6 24. h3 Ng4 25. f4 Rxh3+ 26. Kg1 Rg3 27. Rf3 Bxf3 28. Nxf3 Nxe3 29. Be5 Qb7 30. Kh1 Rxg2 31. Qxg2 Nxg2 32. Kxg2 Bxa3 33. Ba4 b5 34. cxb5 axb5 35. Bb3 Bc5 36. Kg3 h6 37. Nd4 Bxd4 38. Rxd4 Qa7 39. Bd1 Rc8 40. Bf3 g5 41. Rd1 g4 42. Bg2 Qe3+ 43. Kh2 Rc2 0-1

[Event "57th Biel Festival MTO 2024"]
[White "Tkhoruk,Roman"]
[Black "Cordes,Jule"]
[Site "Biel"]
[Round "8.60"]
[Annotator "RC"]
[Result "0-1"]
[Date "2024.07.23"]
[WhiteElo "1944"]
[BlackElo "1900"]
[PlyCount "172"]

1. d4 d5 2. Nf3 Nf6 3. Bf4 c5 4. e3 Nc6 5. c3 Qb6 6. Qc2 Bg4 7. Be2 e6 8. O-O Be7 9. h3 Bf5 10. Qc1 h6 11. Nbd2 O-O 12. Ne5 Rfc8 13. Ndf3 Qd8 14. Bh2 a6 15. Bd3 Bxd3 16. Nxd3 c4 17. Nde5 b5 18. Nxc6 Rxc6 19. Ne5 Rb6 20. b4 a5 21. a3 axb4 22. axb4 Rba6 23. Qb2 Qb6 24. Rxa6 Qxa6 25. g4 Qa3 26. Qc2 Ne4 27. Rc1 Nxc3 28. Qxc3 Qxc3 29. Rxc3 Ra1+ 30. Kg2 Bxb4 31. Rc2 Ba3 32. Nc6 b4 33. Nxb4 Bxb4 34. Rb2 c3 35. Rxb4 c2 36. Rb8+ Kh7 37. Rc8 c1=Q 38. Rxc1 Rxc1 39. Bg3 Rc2 40. Bh4 f6 41. Bg3 Kg8 42. Bh2 Kf7 43. Bg3 Ke7 44. Bh2 Kd7 45. Bg3 Kc6 46. Bh2 Kb5 47. Bd6 Rc6 48. Bf8 Rc7 49. Bd6 Rd7 50. Bg3 Kc4 51. h4 Kd3 52. h5 Re7 53. Bd6 Re8 54. Kf3 e5 55. Bc5 Ra8 56. Kg3 Rc8 57. Bb6 Rc4 58. Bc5 Ra4 59. Kf3 Ra8 60. Kg3 Rc8 61. Bb6 Rc1 62. Bc5 Ke2 63. Bd6 Rg1+ 64. Kh2 Kxf2 65. dxe5 fxe5 66. Bxe5 Rxg4 67. Kh3 Rg5 68. Bd4 Rxh5+ 69. Kg4 Rg5+ 70. Kf4 Ke2 71. Bc5 Kd3 72. Bd4 Rg6 73. Ke5 Kc4 74. Kf5 Rg2 75. Kf4 h5 76. Kf3 Rg6 77. Be5 h4 78. Kf2 h3 79. Bc7 Rg2+ 80. Kf1 g5 81. Be5 g4 82. Bd6 Kd3 83. Bf4 g3 84. Bb8 Kxe3 85. Ba7+ Kf3 86. Bf2 Rxf2+ 0-1